000 00641nam a2200277Ia 4500
005 20260324133626.0
008 008 260324s9999 xx 000 0 eng d
020 _a9781315234052
037 _aEBOOK
040 _aCRL
040 _beng
040 _cCRL
041 _2eng
041 _aeng
084 _qCRL
100 _aBrett Usher
_91193785
245 0 _aWilliam Cecil and Episcopacy, 1559–1577
260 _bTaylor and Francis
260 _c2003
365 _a
365 _b230
856 _uhttp://www.taylorfrancis.com/books/9781315234052
942 _cEBOOK
999 _c1793037
_d1793037